[Event "DEM U18w 2015"]
[Site "Willingen GER"]
[Date "2015.05.28"]
[Round "7"]
[White "Fesselier, Melissa"]
[Black "Heinemann, Josefine"]
[Result "1/2-1/2"]
[Termination "normal"]
[Board "1"]
[WhiteElo "1927"]
[BlackElo "2317"]
[WhiteClock "00:09:11"]
[BlackClock "00:07:35"]
[PlyCount "81"]
[WhiteFideId "20689284"]
[BlackFideId "12900460"]
[EventCountry "GER"]
[EventRounds "9"]
[EventType "swiss"]
[EventDate "2015.05.23"]

1. e4 c5 2. Nf3 e6 3. d4 cxd4 4. Nxd4 Nc6 5. Nc3 Qc7 6. f4 a6 7. Nf3 d6 8. Bd3
Nf6 9. O-O Be7 10. a3 Bd7 11. Qe1 Rc8 12. Kh1 g6 13. e5 Nh5 14. g4 Ng7 15. exd6
Qxd6 16. Ne4 Qc7 17. f5 gxf5 18. gxf5 Nxf5 19. Bg5 Qd8 20. Nh4 Bxg5 21. Nxf5
exf5 22. Nxg5+ Be6 23. Rxf5 Qe7 24. Nxe6 fxe6 25. Rf2 Kd8 26. Bc4 Re8 27. Qe3
Kc7 28. Qg3+ Kb6 29. Raf1 Qc5 30. Bb3 Nd4 31. h3 Nxb3 32. Qxb3+ Ka7 33. Qg3 Kb6
34. Qb3+ Ka7 35. Re2 e5 36. Rf7 Rc7 37. Rxc7 Qxc7 38. Qe3+ Kb8 39. Qe4 Qd7 40.
Kh2 Ka7 41. Qe3+ 1/2-1/2

[Event "DEM U18w 2015"]
[Site "Willingen GER"]
[Date "2015.05.28"]
[Round "7"]
[White "Bluhm, Sonja Maria"]
[Black "Böhm, Jana"]
[Result "1/2-1/2"]
[Termination "normal"]
[Board "2"]
[WhiteTitle "WFM"]
[WhiteElo "2198"]
[BlackElo "1846"]
[WhiteClock "00:03:35"]
[BlackClock "00:10:38"]
[PlyCount "61"]
[WhiteFideId "24654027"]
[BlackFideId "24661589"]
[EventCountry "GER"]
[EventRounds "9"]
[EventType "swiss"]
[EventDate "2015.05.23"]

1. d4 Nf6 2. Nc3 d5 3. Bf4 Bf5 4. f3 Nc6 5. g4 Bg6 6. e3 e6 7. a3 Bd6 8. Nge2
h6 9. Qd2 Qe7 10. Bg3 Bxg3+ 11. Nxg3 O-O-O 12. Bb5 Qd6 13. Na4 a6 14. Be2 h5
15. gxh5 Nxh5 16. Nxh5 Rxh5 17. f4 Rh3 18. Bg4 Rh4 19. Bf3 Rdh8 20. O-O-O Bh5
21. Bxh5 R4xh5 22. Rdg1 R8h7 23. Nc5 Ne7 24. e4 dxe4 25. Nxe4 Qd5 26. Ng5 Qa2
27. c3 R7h6 28. Nxf7 Rb5 29. Qc2 Rf6 30. Rxg7 Rxf4 31. Qb1 1/2-1/2

[Event "DEM U18w 2015"]
[Site "Willingen GER"]
[Date "2015.05.28"]
[Round "7"]
[White "Siegl, Melina"]
[Black "Herbrig, Marie-Helen"]
[Result "0-1"]
[Termination "normal"]
[Board "3"]
[WhiteElo "1946"]
[BlackElo "1799"]
[WhiteClock "00:01:40"]
[BlackClock "00:16:48"]
[PlyCount "112"]
[WhiteFideId "1272126"]
[BlackFideId "12900427"]
[EventCountry "GER"]
[EventRounds "9"]
[EventType "swiss"]
[EventDate "2015.05.23"]

1. d4 Nf6 2. Nf3 e6 3. e3 b6 4. Bd3 Bb7 5. O-O c5 6. c4 Be7 7. Nc3 O-O 8. d5
exd5 9. cxd5 d6 10. e4 Nbd7 11. h3 Re8 12. Bf4 Bf8 13. Re1 a6 14. a4 Qc7 15. b3
g6 16. Qd2 Bg7 17. Rac1 Rac8 18. Bh6 Bh8 19. Ng5 Ne5 20. Bf1 Qe7 21. Re3 Nh5
22. g4 Bf6 23. Nf3 Bg7 24. Bxg7 Nxg7 25. Nxe5 Qxe5 26. Bc4 h5 27. Rg3 Qe7 28.
Kg2 Kh7 29. Rf3 Rb8 30. Qf4 Rf8 31. g5 Bc8 32. Qe3 Qd7 33. Qe2 Ra8 34. Rg3 Qe7
35. f4 h4 36. Re3 Nh5 37. Qf2 Ng3 38. Qf3 Qd7 39. Qg4 Qxg4 40. hxg4 Bxg4 41.
Ne2 Nh5 42. Rf1 Rfe8 43. e5 Re7 44. Kf2 Bxe2 45. Bxe2 Nxf4 46. Rh1 h3 47. Bg4
Rxe5 48. Rf3 Re4 49. Bxh3 Kg7 50. Bf1 b5 51. a5 Rh8 52. Rg1 Nxd5 53. Rd3 Re5
54. Rg4 Rh2+ 55. Kg3 Rh5 56. Bg2 Ne3 0-1

[Event "DEM U18w 2015"]
[Site "Willingen GER"]
[Date "2015.05.28"]
[Round "7"]
[White "Poetsch, Leonore"]
[Black "Schwarz, Larissa"]
[Result "1/2-1/2"]
[Termination "normal"]
[Board "4"]
[WhiteElo "1657"]
[BlackElo "1977"]
[WhiteClock "00:23:25"]
[BlackClock "00:04:08"]
[PlyCount "139"]
[WhiteFideId "12940372"]
[BlackFideId "24699004"]
[EventCountry "GER"]
[EventRounds "9"]
[EventType "swiss"]
[EventDate "2015.05.23"]

1. d4 Nf6 2. c4 g6 3. Nc3 d5 4. cxd5 Nxd5 5. Bd2 Bg7 6. e4 Nb6 7. Be3 O-O 8. f4
f5 9. Nf3 fxe4 10. Nxe4 Nd5 11. Bc4 e6 12. Qd2 Nc6 13. Rd1 Nce7 14. O-O Nf5 15.
Bf2 Nd6 16. Nxd6 cxd6 17. Bh4 Qb6 18. Ng5 h6 19. Ne4 Bd7 20. Nc3 Nf6 21. Kh1 d5
22. Bb3 Nh5 23. Be7 Rf7 24. Bc5 Qd8 25. g4 Nf6 26. Qg2 Nh7 27. Bc2 g5 28. fxg5
Nxg5 29. h4 Rxf1+ 30. Rxf1 Nf7 31. Qf2 Be8 32. Ne2 Qc8 33. Nf4 b6 34. Ng6 Qc7
35. Ne7+ Kh8 36. Ba3 Nd6 37. Ng6+ Bxg6 38. Bxg6 Nc4 39. Rc1 Qd8 40. Bb4 Qf6 41.
Qxf6 Bxf6 42. b3 Ne3 43. g5 hxg5 44. hxg5 Bxg5 45. Bd2 Kg7 46. Bd3 Kf6 47. Kg1
Nf5 48. Bxg5+ Kxg5 49. Bxf5 Kxf5 50. Kf2 Ke4 51. Re1+ Kxd4 52. Rxe6 Rc8 53. Re2
Rc3 54. Rd2+ Kc5 55. Ke2 d4 56. Kd1 Kd5 57. Rh2 Re3 58. Kd2 a5 59. Rh5+ Re5 60.
Rh6 Kc5 61. a3 Rd5 62. Kd3 Rd7 63. Rg6 Rd5 64. Rh6 Rg5 65. Rh3 Re5 66. Rg3 b5
67. Rh3 a4 68. bxa4 bxa4 69. Rg3 Kd5 70. Rh3 1/2-1/2

[Event "DEM U18w 2015"]
[Site "Willingen GER"]
[Date "2015.05.28"]
[Round "7"]
[White "Hund, Sarah"]
[Black "Zahn, Alina"]
[Result "0-1"]
[Termination "normal"]
[Board "5"]
[WhiteElo "1948"]
[BlackElo "2056"]
[WhiteClock "00:28:53"]
[BlackClock "00:19:29"]
[PlyCount "70"]
[WhiteFideId "12923338"]
[BlackFideId "24696730"]
[EventCountry "GER"]
[EventRounds "9"]
[EventType "swiss"]
[EventDate "2015.05.23"]

1. e4 e5 2. Bc4 Nf6 3. d3 Bc5 4. Nc3 Nc6 5. f4 exf4 6. Bxf4 d6 7. Na4 Bd4 8. c3
Be5 9. Bg5 h6 10. Bh4 g5 11. Bf2 Ng4 12. Qf3 Qf6 13. d4 Nxf2 14. Qxf2 Qxf2+ 15.
Kxf2 Bg7 16. Nf3 Bd7 17. b3 a6 18. Nb2 g4 19. Nh4 Nxd4 20. Rac1 Nb5 21. Nd1
O-O-O 22. Nf5 Be5 23. Ke2 Rhe8 24. Bxf7 Bxf5 25. exf5 Bf4+ 26. Bxe8 Rxe8+ 27.
Ne3 Rxe3+ 28. Kf2 Re5 29. Rce1 Rxf5 30. Re8+ Kd7 31. Rg8 h5 32. c4 Nc3 33. a4
h4 34. Ke1 Re5+ 35. Kf1 Bd2 0-1

[Event "DEM U18w 2015"]
[Site "Willingen GER"]
[Date "2015.05.28"]
[Round "7"]
[White "Diederichs, Luise"]
[Black "Wagner, Swenja"]
[Result "1/2-1/2"]
[Termination "normal"]
[Board "6"]
[WhiteElo "2076"]
[BlackElo "1619"]
[WhiteClock "00:26:04"]
[BlackClock "00:28:12"]
[PlyCount "47"]
[WhiteFideId "24661597"]
[BlackFideId "12900494"]
[EventCountry "GER"]
[EventRounds "9"]
[EventType "swiss"]
[EventDate "2015.05.23"]

1. d4 d5 2. c4 dxc4 3. Nf3 Nf6 4. e3 c5 5. Bxc4 e6 6. O-O a6 7. Nc3 b5 8. Bd3
Bb7 9. a3 Nbd7 10. Qe2 Bd6 11. Bc2 Qc7 12. h3 O-O 13. e4 cxd4 14. Nxd4 Rfd8 15.
Nf3 Rac8 16. Bg5 Be5 17. Nxe5 Qxe5 18. f4 Qc5+ 19. Kh1 Re8 20. Rac1 h6 21. Bh4
e5 22. f5 Qc6 23. Bd3 Nc5 24. Bb1 1/2-1/2

[Event "DEM U18w 2015"]
[Site "Willingen GER"]
[Date "2015.05.28"]
[Round "7"]
[White "Rosmait, Emily"]
[Black "Weber, Sandra"]
[Result "1/2-1/2"]
[Termination "normal"]
[Board "7"]
[WhiteElo "1928"]
[BlackElo "1862"]
[PlyCount "43"]
[WhiteFideId "12937754"]
[BlackFideId "1270049"]
[EventCountry "GER"]
[EventRounds "9"]
[EventType "swiss"]
[EventDate "2015.05.23"]

1. e4 c5 2. Nf3 g6 3. d4 cxd4 4. Nxd4 Nc6 5. c4 Bg7 6. Nc2 Nf6 7. Nc3 d6 8. Be2
O-O 9. O-O Nd7 10. Bd2 a5 11. Kh1 Nc5 12. f3 Be6 13. Be1 Qb6 14. Rb1 Rac8 15.
Nd5 Bxd5 16. exd5 Nb4 17. Bc3 Nxa2 18. Bxg7 Kxg7 19. Nd4 Nd7 20. f4 Nf6 21. f5
Nb4 22. fxg6 1/2-1/2

[Event "DEM U18w 2015"]
[Site "Willingen GER"]
[Date "2015.05.28"]
[Round "7"]
[White "Rahimi, Anita"]
[Black "Braun, Kristin"]
[Result "1-0"]
[Termination "normal"]
[Board "8"]
[WhiteElo "1673"]
[BlackElo "1749"]
[PlyCount "75"]
[WhiteFideId "24692336"]
[BlackFideId "24656534"]
[EventCountry "GER"]
[EventRounds "9"]
[EventType "swiss"]
[EventDate "2015.05.23"]

1. d4 Nf6 2. Bf4 g6 3. Nf3 Bg7 4. e3 d6 5. Bd3 Nh5 6. Bg3 Nxg3 7. hxg3 e5 8. c3
f5 9. Be2 Nc6 10. Qb3 Rb8 11. a4 Bd7 12. Na3 a6 13. Qa2 exd4 14. exd4 Qe7 15.
b4 Be6 16. Qd2 Bb3 17. O-O O-O 18. Rfe1 Qf6 19. Bc4+ Bxc4 20. Nxc4 Rfe8 21. Qa2
Kh8 22. Ne3 Ne7 23. Rac1 c6 24. c4 f4 25. gxf4 Qxf4 26. Qd2 Nf5 27. Nxf5 Qxd2
28. Nxd2 gxf5 29. Nf3 Re4 30. d5 cxd5 31. cxd5 Rxb4 32. Re6 Rd8 33. Rc7 Re4 34.
Rxe4 fxe4 35. Ng5 Kg8 36. Ne6 Bf6 37. Nxd8 Bxd8 38. Rc8 1-0

[Event "DEM U18w 2015"]
[Site "Willingen GER"]
[Date "2015.05.28"]
[Round "7"]
[White "Lagunow, Elina"]
[Black "Greßmann, Hanna"]
[Result "1/2-1/2"]
[Termination "normal"]
[Board "9"]
[WhiteElo "1760"]
[BlackElo "1717"]
[PlyCount "51"]
[WhiteFideId "4673387"]
[BlackFideId "12930709"]
[EventCountry "GER"]
[EventRounds "9"]
[EventType "swiss"]
[EventDate "2015.05.23"]

1. e4 e6 2. d4 d5 3. exd5 exd5 4. Bd3 Bd6 5. c3 Nc6 6. Ne2 Nge7 7. Bf4 Bf5 8.
O-O O-O 9. Bxd6 Qxd6 10. Ng3 Bxd3 11. Qxd3 Qg6 12. Qxg6 Nxg6 13. Nd2 Rfe8 14.
Rae1 Kf8 15. Nf3 Rxe1 16. Rxe1 Re8 17. Rxe8+ Kxe8 18. Kf1 h6 19. Nf5 Kf8 20. g3
Nce7 21. Nxe7 Kxe7 22. Ke2 f6 23. Nd2 b6 24. Ke3 Ke6 25. f4 Nf8 26. h3 1/2-1/2

[Event "DEM U18w 2015"]
[Site "Willingen GER"]
[Date "2015.05.28"]
[Round "7"]
[White "Siegel, Aurelia"]
[Black "Leinemann, Vivien Sophie"]
[Result "0-1"]
[Termination "normal"]
[Board "10"]
[WhiteElo "1633"]
[BlackElo "1425"]
[PlyCount "50"]
[WhiteFideId "12929581"]
[BlackFideId "16208536"]
[EventCountry "GER"]
[EventRounds "9"]
[EventType "swiss"]
[EventDate "2015.05.23"]

1. e4 c5 2. c3 d5 3. exd5 Qxd5 4. d4 Nc6 5. Nf3 Bf5 6. Be3 cxd4 7. cxd4 Bxb1 8.
Rxb1 e6 9. a3 Nge7 10. Bd3 Rd8 11. O-O g6 12. Qa4 Bg7 13. Rfd1 O-O 14. Be2 Nf5
15. Rbc1 Nfxd4 16. Nxd4 Nxd4 17. Bxd4 Bxd4 18. Bf3 Qd7 19. Qb3 b6 20. Bc6 Qe7
21. Rc2 Rd6 22. Bf3 Rfd8 23. Rdc1 Bc5 24. Qc3 Qd7 25. b4 Rd1+ 0-1

[Event "DEM U18w 2015"]
[Site "Willingen GER"]
[Date "2015.05.28"]
[Round "7"]
[White "Gläser, Anne"]
[Black "Wolff, Marie Antoinette"]
[Result "1-0"]
[Termination "normal"]
[Board "11"]
[WhiteElo "1153"]
[BlackElo "1596"]
[PlyCount "127"]
[WhiteFideId "16208765"]
[BlackFideId "12908258"]
[EventCountry "GER"]
[EventRounds "9"]
[EventType "swiss"]
[EventDate "2015.05.23"]

1. e4 c5 2. d3 Nc6 3. g3 e6 4. Bg2 Be7 5. f4 d6 6. Nf3 Bf6 7. c3 Bd7 8. O-O Rb8
9. Be3 Nge7 10. Na3 O-O 11. Nc2 a6 12. Qd2 b5 13. d4 cxd4 14. cxd4 Nc8 15. Rac1
Nb6 16. b3 d5 17. e5 Be7 18. Qd3 f6 19. Kh1 Rc8 20. g4 fxe5 21. fxe5 Be8 22. h3
Bg6 23. Qd2 a5 24. Ng5 Qd7 25. Qe2 Bxg5 26. Rxf8+ Rxf8 27. Bxg5 Bxc2 28. Qxc2
Nxd4 29. Qc5 Ne2 30. Re1 Ng3+ 31. Kh2 Nc8 32. Kxg3 h6 33. Be3 a4 34. Bf1 Qf7
35. Be2 Qg6 36. Rf1 Rxf1 37. Bxf1 Qe8 38. Qxb5 Qd8 39. Qxa4 Ne7 40. Qa6 d4 41.
Qxe6+ Kh8 42. Qd6 Qf8 43. Bf2 h5 44. Qxd4 g5 45. b4 h4+ 46. Kg2 Ng6 47. Be3
Qa8+ 48. Kg1 Qf3 49. e6+ Kh7 50. Qd7+ Kh6 51. Qd2 Nf4 52. Bxf4 gxf4 53. g5+ Kg7
54. e7 Qg3+ 55. Kh1 Kf7 56. Qg2 Qa3 57. g6+ Kxe7 58. g7 f3 59. Qg5+ Kd7 60.
g8=Q Qxb4 61. Q8g7+ Kc6 62. Q7f6+ Qd6 63. Qxd6+ Kxd6 64. Qf4+ 1-0

[Event "DEM U18w 2015"]
[Site "Willingen GER"]
[Date "2015.05.28"]
[Round "7"]
[White "Kovac, Linda"]
[Black "Schirrmeister, Laura"]
[Result "1-0"]
[Termination "normal"]
[Board "12"]
[WhiteElo "1562"]
[BlackElo "1166"]
[PlyCount "89"]
[WhiteFideId "12938815"]
[BlackFideId "24694967"]
[EventCountry "GER"]
[EventRounds "9"]
[EventType "swiss"]
[EventDate "2015.05.23"]

1. d4 d5 2. Nf3 e6 3. e3 Bd6 4. Bd3 f5 5. Nbd2 Nf6 6. c4 c6 7. b3 Ne4 8. Bb2
O-O 9. O-O Nd7 10. Ne5 Rf6 11. f4 Rh6 12. Ndf3 Ndf6 13. h3 Qe8 14. Ng5 Bxe5 15.
Nxe4 Nxe4 16. fxe5 Ng5 17. Kh2 Qh5 18. Qxh5 Rxh5 19. Be2 Rh4 20. Kg3 Rh6 21.
Kh2 Bd7 22. e4 Nxe4 23. Bc1 g5 24. Bf3 Rg6 25. Bh5 Rg7 26. h4 Be8 27. Be2 gxh4
28. Rf4 Ng3 29. Bd1 Bh5 30. Bxh5 Nxh5 31. Rxh4 Ng3 32. Bf4 Ne2 33. Bh6 Rg4 34.
Rxg4+ fxg4 35. Re1 Kf7 36. Rf1+ Kg6 37. Rf6+ Kh5 38. Be3 g3+ 39. Kh3 Ng1+ 40.
Bxg1 Rg8 41. Be3 Rg6 42. Rf4 Kh6 43. Rf7+ Rg5 44. Bxg5+ Kxg5 45. Kxg3 1-0

[Event "DEM U18w 2015"]
[Site "Willingen GER"]
[Date "2015.05.29"]
[Round "8"]
[White "Heinemann, Josefine"]
[Black "Zahn, Alina"]
[Result "1-0"]
[Termination "normal"]
[Board "1"]
[WhiteElo "2317"]
[BlackElo "2056"]
[WhiteClock "01:09:12"]
[BlackClock "00:13:21"]
[PlyCount "101"]
[WhiteFideId "12900460"]
[BlackFideId "24696730"]
[EventCountry "GER"]
[EventRounds "9"]
[EventType "swiss"]
[EventDate "2015.05.23"]

1. e4 e5 2. Nf3 Nc6 3. Bb5 a6 4. Ba4 Nf6 5. O-O Bc5 6. c3 b5 7. Bc2 d5 8. d4
dxe4 9. Nxe5 Nxe5 10. dxc5 Qxd1 11. Rxd1 Bb7 12. Bf4 Nfd7 13. Nd2 f5 14. f3
exf3 15. Re1 O-O-O 16. Bxf5 f2+ 17. Kxf2 Ng6 18. Bxg6 hxg6 19. Bg5 Nxc5 20.
Bxd8 Nd3+ 21. Kg3 Nxe1 22. Rxe1 Rxd8 23. Nf3 Bd5 24. a3 Rd7 25. Re8+ Kb7 26.
Ne5 Rd6 27. Re7 Kb6 28. Rxg7 Be4 29. Kf4 Bc2 30. g4 a5 31. a4 c6 32. axb5 cxb5
33. h4 Kc5 34. g5 Kd5 35. Ra7 a4 36. Ra5 Kc5 37. c4 Rd4+ 38. Ke3 Rxc4 39. Nxc4
Kxc4 40. Kd2 Bf5 41. Kc1 Kb4 42. Ra6 Kb3 43. h5 gxh5 44. g6 b4 45. g7 Bh7 46.
Rh6 Bg8 47. Rh8 Bf7 48. g8=Q Bxg8 49. Rxg8 a3 50. bxa3 bxa3 51. Kb1 1-0

[Event "DEM U18w 2015"]
[Site "Willingen GER"]
[Date "2015.05.29"]
[Round "8"]
[White "Böhm, Jana"]
[Black "Fesselier, Melissa"]
[Result "1-0"]
[Termination "normal"]
[Board "2"]
[WhiteElo "1846"]
[BlackElo "1927"]
[WhiteClock "00:19:00"]
[BlackClock "00:26:10"]
[PlyCount "117"]
[WhiteFideId "24661589"]
[BlackFideId "20689284"]
[EventCountry "GER"]
[EventRounds "9"]
[EventType "swiss"]
[EventDate "2015.05.23"]

1. e4 c5 2. Nf3 e6 3. g3 Nc6 4. Bg2 d5 5. exd5 exd5 6. d4 Nf6 7. O-O cxd4 8.
Nxd4 Be7 9. h3 O-O 10. Nc3 h6 11. Bf4 a6 12. Qd2 Bc5 13. Nb3 Ba7 14. Rad1 Be6
15. Kh2 Qc8 16. Be3 Bxe3 17. Qxe3 Re8 18. Qd2 Ne4 19. Nxe4 dxe4 20. Nc5 Bf5 21.
g4 Qc7+ 22. Qd6 Qxd6+ 23. Rxd6 Bg6 24. c3 Ne5 25. Rd4 Nf3+ 26. Bxf3 exf3 27.
Rfd1 Re2 28. R1d2 b6 29. Na4 Rb8 30. Kg3 Bc2 31. b3 b5 32. Nc5 Rc8 33. Kxf3
Rxd2 34. Rxd2 Bb1 35. b4 a5 36. a3 axb4 37. axb4 Ra8 38. Ne4 Rc8 39. Nc5 Ra8
40. Ke3 Re8+ 41. Kf4 Ra8 42. Nb7 Rc8 43. Rd8+ Rxd8 44. Nxd8 Kf8 45. Nc6 Ke8 46.
Ke3 Ba2 47. Kd4 Bc4 48. Kc5 f6 49. Nd4 Bf1 50. Nxb5 Bxh3 51. f3 f5 52. Nd6+ Kd7
53. Nxf5 Bg2 54. Nd4 g6 55. Nc6 Ke6 56. b5 h5 57. b6 Kd7 58. Ne5+ Kc8 59. Kc6
1-0

[Event "DEM U18w 2015"]
[Site "Willingen GER"]
[Date "2015.05.29"]
[Round "8"]
[White "Schwarz, Larissa"]
[Black "Bluhm, Sonja Maria"]
[Result "0-1"]
[Termination "normal"]
[Board "3"]
[BlackTitle "WFM"]
[WhiteElo "1977"]
[BlackElo "2198"]
[WhiteClock "00:20:52"]
[BlackClock "00:08:03"]
[PlyCount "56"]
[WhiteFideId "24699004"]
[BlackFideId "24654027"]
[EventCountry "GER"]
[EventRounds "9"]
[EventType "swiss"]
[EventDate "2015.05.23"]

1. e4 c5 2. Nf3 d6 3. d4 cxd4 4. Nxd4 Nf6 5. Nc3 a6 6. Be3 e5 7. Nb3 Be7 8. f3
Be6 9. Qd2 O-O 10. O-O-O a5 11. Kb1 a4 12. Nc1 a3 13. b3 Ra5 14. Na4 Nfd7 15.
Bb6 Nxb6 16. Qxa5 Nxa4 17. Qxa4 Qc7 18. Qxa3 d5 19. Qb2 d4 20. Nd3 Qa5 21. b4
Qc7 22. g3 Nd7 23. f4 Nb6 24. Nc5 Bxc5 25. bxc5 Na4 26. Qc1 Nc3+ 27. Kb2 Ra8
28. a3 Qxc5 0-1

[Event "DEM U18w 2015"]
[Site "Willingen GER"]
[Date "2015.05.29"]
[Round "8"]
[White "Herbrig, Marie-Helen"]
[Black "Poetsch, Leonore"]
[Result "0-1"]
[Termination "normal"]
[Board "4"]
[WhiteElo "1799"]
[BlackElo "1657"]
[WhiteClock "00:25:33"]
[BlackClock "00:41:12"]
[PlyCount "126"]
[WhiteFideId "12900427"]
[BlackFideId "12940372"]
[EventCountry "GER"]
[EventRounds "9"]
[EventType "swiss"]
[EventDate "2015.05.23"]

1. d4 e6 2. Nf3 b6 3. c4 Nf6 4. Nc3 Bb4 5. Bg5 Bb7 6. Qb3 Bxc3+ 7. Qxc3 O-O 8.
e3 d5 9. c5 c6 10. Bd3 Nbd7 11. b4 a5 12. Ne5 Qc7 13. Bf4 axb4 14. Qxb4 bxc5
15. Nxd7 Qxd7 16. Qxc5 Ba6 17. Qc2 Rfc8 18. O-O Bxd3 19. Qxd3 c5 20. dxc5 Rxc5
21. Be5 Ne4 22. Rfd1 Qc6 23. Qe2 Rc2 24. Qg4 f6 25. Bg3 Nc3 26. Re1 Ra4 27. Qf3
Raxa2 28. Rxa2 Rxa2 29. h4 Qa4 30. Kh2 Qe4 31. Qh5 Qg6 32. Qf3 Ne4 33. Rc1 h5
34. Qf4 e5 35. Qf3 Rd2 36. Ra1 Nxg3 37. fxg3 Kh7 38. Ra5 Qg4 39. Qf1 Qe4 40.
Ra3 Kh6 41. Rc3 Rc2 42. Ra3 Qc4 43. Qf3 Ra2 44. Rxa2 Qxa2 45. Qf5 Qe2 46. Qc8
Qxe3 47. Qh8+ Kg6 48. Qe8+ Kh7 49. Qxh5+ Qh6 50. Qf5+ Qg6 51. Qe6 d4 52. Qd7 d3
53. Qd5 e4 54. Qd4 f5 55. Qe3 Qh6 56. Qf2 e3 57. Qxf5+ Qg6 58. Qe5 e2 59. Qe3
Qf5 60. Qd2 Qe4 61. Qe1 d2 62. Qxd2 e1=Q 63. Qg5 Q1e2 0-1

[Event "DEM U18w 2015"]
[Site "Willingen GER"]
[Date "2015.05.29"]
[Round "8"]
[White "Siegl, Melina"]
[Black "Rahimi, Anita"]
[Result "1/2-1/2"]
[Termination "normal"]
[Board "5"]
[WhiteElo "1946"]
[BlackElo "1673"]
[WhiteClock "00:13:51"]
[BlackClock "00:08:13"]
[PlyCount "98"]
[WhiteFideId "1272126"]
[BlackFideId "24692336"]
[EventCountry "GER"]
[EventRounds "9"]
[EventType "swiss"]
[EventDate "2015.05.23"]

1. b3 d6 2. Bb2 Nf6 3. e3 e6 4. c4 c5 5. Nc3 a6 6. Nf3 Nc6 7. Be2 Be7 8. O-O
Bd7 9. d4 cxd4 10. exd4 d5 11. c5 b5 12. cxb6 Qxb6 13. Rc1 O-O 14. Na4 Qa7 15.
Nc5 Bxc5 16. dxc5 Ne4 17. Nd4 f6 18. Bd3 e5 19. Bxe4 dxe4 20. Nc2 Rfd8 21. Qd5+
Kh8 22. Qxe4 Qxc5 23. Ne3 Qa5 24. a3 Qb5 25. b4 Ne7 26. Rc5 Bc6 27. Qc2 Qb7 28.
Rc1 Rac8 29. f3 Qa7 30. Kh1 Bd7 31. Qe2 Bb5 32. Qf2 Rxc5 33. Rxc5 Qd7 34. Nf1
Bxf1 35. Qxf1 Qd1 36. Rc1 Qxf1+ 37. Rxf1 Rd2 38. Bc1 Rd3 39. h3 Nf5 40. Kh2 Nd4
41. Rf2 Kg8 42. Bb2 Kf7 43. f4 e4 44. Bxd4 Rxd4 45. Rb2 Rd3 46. a4 e3 47. b5
axb5 48. axb5 Rd2 49. Rb1 e2 1/2-1/2

[Event "DEM U18w 2015"]
[Site "Willingen GER"]
[Date "2015.05.29"]
[Round "8"]
[White "Diederichs, Luise"]
[Black "Rosmait, Emily"]
[Result "1/2-1/2"]
[Termination "normal"]
[Board "6"]
[WhiteElo "2076"]
[BlackElo "1928"]
[WhiteClock "01:05:50"]
[BlackClock "00:51:50"]
[PlyCount "51"]
[WhiteFideId "24661597"]
[BlackFideId "12937754"]
[EventCountry "GER"]
[EventRounds "9"]
[EventType "swiss"]
[EventDate "2015.05.23"]

1. e4 c5 2. Nf3 d6 3. d4 cxd4 4. Nxd4 Nf6 5. Nc3 a6 6. Be3 Ng4 7. Bg5 h6 8. Bh4
g5 9. Bg3 Bg7 10. Be2 h5 11. h4 gxh4 12. Bxh4 Nc6 13. Nb3 Be6 14. Qd2 Qb6 15.
Nd5 Bxd5 16. exd5 Nce5 17. Qa5 Qa7 18. c3 Ng6 19. Bg3 Be5 20. Bxg4 Bxg3 21.
fxg3 hxg4 22. Rxh8+ Nxh8 23. Ke2 b5 24. Qb4 Qd7 25. Rh1 Ng6 26. Qe4 1/2-1/2

[Event "DEM U18w 2015"]
[Site "Willingen GER"]
[Date "2015.05.29"]
[Round "8"]
[White "Wagner, Swenja"]
[Black "Hund, Sarah"]
[Result "0-1"]
[Termination "normal"]
[Board "7"]
[WhiteElo "1619"]
[BlackElo "1948"]
[PlyCount "56"]
[WhiteFideId "12900494"]
[BlackFideId "12923338"]
[EventCountry "GER"]
[EventRounds "9"]
[EventType "swiss"]
[EventDate "2015.05.23"]

1. e4 e5 2. Nc3 Nf6 3. Bc4 Nc6 4. d3 Bb4 5. Nge2 d5 6. exd5 Nxd5 7. O-O Be6 8.
Bb3 Qd7 9. Ne4 O-O-O 10. a3 Be7 11. Ba4 f5 12. Ng5 f4 13. Nxe6 Qxe6 14. Re1
Rdf8 15. c4 Nb6 16. Nxf4 Qf5 17. Bxc6 bxc6 18. Nh3 g5 19. f3 h5 20. Nf2 g4 21.
f4 Bc5 22. g3 h4 23. Rxe5 Bxf2+ 24. Kxf2 Qxe5 25. Qxg4+ Kb7 26. Qf3 hxg3+ 27.
hxg3 Qd4+ 28. Kf1 Rd8 0-1

[Event "DEM U18w 2015"]
[Site "Willingen GER"]
[Date "2015.05.29"]
[Round "8"]
[White "Weber, Sandra"]
[Black "Lagunow, Elina"]
[Result "1/2-1/2"]
[Termination "normal"]
[Board "8"]
[WhiteElo "1862"]
[BlackElo "1760"]
[PlyCount "105"]
[WhiteFideId "1270049"]
[BlackFideId "4673387"]
[EventCountry "GER"]
[EventRounds "9"]
[EventType "swiss"]
[EventDate "2015.05.23"]

1. e4 c5 2. Nf3 Nc6 3. d4 cxd4 4. Nxd4 g6 5. Nc3 Bg7 6. Be3 Nf6 7. Bc4 Qa5 8.
O-O O-O 9. Bb3 d6 10. h3 Bd7 11. Re1 Qc7 12. Nd5 Nxd5 13. exd5 Na5 14. c3 h6
15. Qd2 Kh7 16. Rad1 Nc4 17. Bxc4 Qxc4 18. Nb3 a5 19. Bd4 a4 20. Bxg7 Kxg7 21.
Nc1 Rfe8 22. a3 Ra5 23. Qd4+ Qxd4 24. Rxd4 Rb5 25. Nd3 Bf5 26. Nb4 Rc5 27. f3
Bd7 28. Kf2 b5 29. Nc2 Rc7 30. Ne3 Rb7 31. Red1 Rc8 32. Nc2 Rbc7 33. Re1 Be8
34. Rde4 Kf6 35. Ne3 h5 36. g4 e5 37. dxe6 fxe6 38. Nc2 e5 39. Nb4 Bf7 40. f4
exf4 41. Rxf4+ Kg7 42. gxh5 gxh5 43. Rg1+ Kh7 44. Rf5 Rf8 45. Nd3 Rcc8 46. Ke3
Bg6 47. Rfg5 Rce8+ 48. Kd2 Re6 49. h4 Rf3 50. R1g3 Rxg3 51. Rxg3 Re4 52. Rh3
Rg4 53. Rh2 1/2-1/2

[Event "DEM U18w 2015"]
[Site "Willingen GER"]
[Date "2015.05.29"]
[Round "8"]
[White "Braun, Kristin"]
[Black "Kovac, Linda"]
[Result "0-1"]
[Termination "normal"]
[Board "9"]
[WhiteElo "1749"]
[BlackElo "1562"]
[PlyCount "74"]
[WhiteFideId "24656534"]
[BlackFideId "12938815"]
[EventCountry "GER"]
[EventRounds "9"]
[EventType "swiss"]
[EventDate "2015.05.23"]

1. d4 c5 2. e3 d5 3. Nf3 Nc6 4. b3 g6 5. Bb2 Bg7 6. Bd3 a6 7. a4 Nb4 8. O-O
Nxd3 9. Qxd3 Bf5 10. Qe2 Rc8 11. Nc3 Nf6 12. Ne5 O-O 13. Rfd1 cxd4 14. exd4 Ne4
15. Nxe4 Bxe4 16. c4 Bf5 17. Ba3 Re8 18. c5 f6 19. Nd3 e5 20. dxe5 fxe5 21.
Rac1 a5 22. g4 Qg5 23. f3 e4 24. Nf2 exf3 25. Qxf3 Be4 26. Nxe4 Rxe4 27. h3 Rf8
28. Qd3 Bd4+ 29. Kh1 Rff4 30. Re1 Rf2 31. Rf1 Qf4 32. Rxf2 Qxf2 33. Rd1 Re2 34.
Qxe2 Qxe2 35. Rxd4 Qf3+ 36. Kh2 Qf2+ 37. Kh1 Qxd4 0-1